| 000 | 01103 a2200205 4500 | ||
|---|---|---|---|
| 003 | NUST | ||
| 005 | 20230124174538.0 | ||
| 020 | _a0021226709 | ||
| 040 | _cNust | ||
| 082 | _a823,HAL | ||
| 100 |
_aHalliburton, Warren _9107567 |
||
| 245 |
_aGrowing, Pastimes, Messages / _cWarren Halliburton , Laurence, Swinburne, Mary Lee Johansen _hSenior authors Carl B. Smith , Ronald Wardhaugh, Literature Consultant [etc] |
||
| 250 | _aThree-in-one-edition | ||
| 260 |
_aLondon _bCollier Macmillan Publishers _c1975 |
||
| 300 | _a96:p. | ||
| 505 | _aDear Reader (Page-6),Who’s Afraid (Page-8),Davy Crockett (Page-10),Trina And Maggie (Page-20), The Name Of Same(Page-31),Peanuts (Page-32),Autumn! (Page-34),The Ant, The Grasshopper And The Cricket (Page-36),Happily May In Walk (Page-47),The Tuesday Elephant (Page-48), The Word Hunt (Page-57),Truly My Own (Page-58),Me, Myself And I (Page-59),Phillis Wheatley (Page-61),The Shoeshine Chair(Page-72), Is That What You Mean? (Page-83),A New Song (Page-84). | ||
| 600 | _aSmith, Carl B. | ||
| 650 |
_aChildren Stories _9107568 |
||
| 942 |
_2ddc _cBK _k823,HAL |
||
| 999 |
_c186845 _d186845 |
||